000 00753nam a2200229 a 4500
001 49128
003 BD-RjUL
005 20211209054634.0
008 160817s1978 bg ||||| |||| 00| 0 ben d
020 _aTK:8.00
035 _a(BD-RjUL)49247
040 _aBD-RjUL
_bben
_cBD-RjUL
041 _aben
082 _223
_a891.441
_bHAS 1978
100 _aহক, এনামুল
_9147738
245 1 0 _aসুবর্ণ ইত্যাদি উত্তেজনা /
_cএনামুল হক
260 _aঢাকা :
_bনওরোজ কিতাস্তান,
_c১৯৭৮
300 _a৬৮ পৃ. ;
_c২১ সেমি.
650 _aবাংলা কবিতা
_9147739
650 _aBengali poetry
_9147740
942 _2ddc
_cBK
999 _c49128
_d49128